000 00697nam a2200205Ia 4500
003 GCL
008 140319s9999 xx 000 0 ara d
040 _aGCL /
_cGCL
082 0 4 _a907.2
_bح م
100 1 _aجامعة صفاقس، تونس
245 1 0 _aالمعقولية والتاريخ وقائع الملتقى المنعقد بكلية الاداب والعلوم الانسانية /
_cجامعة صفاقس، تونس
260 _a[S.N] :
_bالمعهد القومى لعلوم التربية ،
_c1991
300 _a392 ص
490 _a
650 0 4 _aفلسفة
650 0 4 _aالحضارة
650 0 4 _aالتاريخ
650 0 4 _aالانسانيات
942 _2ddc
_cBK
999 _c36677
_d36677